000 00921nam a2200193 u 4500
001 000303718
003 AM-YeHGA
005 20250618071943.0
008 040127s1968 ai r 000 0 arm d
040 _aAM-YeHGA
041 0 _aarm
100 1 _aԿարապետյան, Կիմա Հովհաննեսի
245 1 0 _aԼենինական քաղաքի նախադպրոցականների ֆիզիկական զարգացման գնահատման աղյուսակները :
_b1966 թ. տվյալներով /
_cՀՍՍՀ Առողջապահ. մինիստր. հանրապետ. սանլուստուն.
260 _aԵրևան :
_bՀայաստան,
_c1968.
300 _a20 էջ :
_bաղս. ;
_c20 սմ.
650 1 4 _aՆախադպրոցական դաստիարակություն
_94620
710 2 _aՀՍՍՀ Առողջապահության մինիստրության հանրապետական սանլուստուն
090 _c113252
999 _c111915
_d111915